000 00312nam a22001337a 4500
008 181015b xxu||||| |||| 00| 0 eng d
020 _a9780787960551
041 _aeng
080 _a370
100 _a49
101 _aEDU
245 _aCreating Signicant Learning Exprience
_cFink.D.L
942 _2udc
_cBK
999 _c49791
_d49791